Analýza informácií z účtovníctva pre potreby hodnotenia úrovne hospodárskych procesov v krajinách EÚ
Definovanie cieľa výskumu na rok 2006. Výsledky riešenia za rok 2006. Výsledky riešenia výskumného projektu v prvom roku riešenia. Zameranie pokračujúceho projektu v r. 2007.
Salvato in:
| Autore principale: | |
|---|---|
| Natura: | Capitolo di libro |
| Lingua: | slovacco |
| Soggetti: | |
| Tags: |
Nessun Tag, puoi essere il primo ad aggiungerne!!
|
MARC
| LEADER | 00000naa$a2200000$$$4500 | ||
|---|---|---|---|
| 001 | 0057369 | ||
| 005 | 20240503074756.7 | ||
| 041 | 0 | |a slo | |
| 044 | |a SK | ||
| 245 | 1 | 0 | |a Analýza informácií z účtovníctva pre potreby hodnotenia úrovne hospodárskych procesov v krajinách EÚ |c Renáta Feketeová |
| 520 | |a Definovanie cieľa výskumu na rok 2006. Výsledky riešenia za rok 2006. Výsledky riešenia výskumného projektu v prvom roku riešenia. Zameranie pokračujúceho projektu v r. 2007. | ||
| 610 | 2 | 0 | |a účtovníctvo |
| 610 | 2 | 0 | |a Slovensko |
| 610 | 2 | 0 | |a IFRS |
| 610 | 2 | 0 | |a legislatíva |
| 610 | 2 | 0 | |a projekty |
| 100 | 1 | |a Feketeová, Renáta, 1974- | |